| 000 | 00772nam a2200229Ia 4500 | ||
|---|---|---|---|
| 001 | 17044 | ||
| 003 | GE_BSU | ||
| 008 | 181216s||||||||xx |||||||||||||| ||und|| | ||
| 040 | _cGE_BSU | ||
| 080 | _a82-93:821.161.1-3 | ||
| 100 | _aმიხასენკო, გ. | ||
| 245 | _aკანდაურელი ბიჭები | ||
| 245 | _bამბავი საშ. ასაკის ბავშვებისათვის | ||
| 245 | _cმთარგმნ.: ნ. ცაგარეიშვილი | ||
| 260 | _aთბილისი | ||
| 260 | _bნაკადული | ||
| 260 | _c1965 | ||
| 300 | _a199გვ. ; 20სმ | ||
| 653 | _aკანდაურელი ბიჭები | ||
| 653 | _aმოთხრობა | ||
| 942 | _cBK | ||
| 999 |
_c50106 _d50106 |
||